00387 2200157 4500001002100000005001500021035002000036245003900056100002400095300002600119260002800145082000800173084001400181020002200195990001200217INLIS00000000000299420250918083112 a0010-09250003411 aLafal Cinta /cKurniawan Al I'syad0 aKurniawan Al I'syad a282 hlm ;c13 x 19 cm aJakarta :bZettu,c2014 a813 a813 KUR l a978-602-1298-35-0 a0755639